Ali / (Record no. 36990)

MARC details
000 -LEADER
fixed length control field 00408nam a22001577a 4500
005 - DATE AND TIME OF LATEST TRANSACTION
control field 20250721094936.0
008 - FIXED-LENGTH DATA ELEMENTS--GENERAL INFORMATION
fixed length control field 250721b |||||||| |||| 00| 0 eng d
082 ## - DEWEY DECIMAL CLASSIFICATION NUMBER
Classification number 891.4
Item number JAV-A
100 ## - MAIN ENTRY--AUTHOR
Author Name Muhammad Javeed Iqbal
245 ## - TITLE STATEMENT
Title Ali /
Statement of responsibility, etc. Muhammad Javeed Iqbal
260 ## - PUBLICATION, DISTRIBUTION, ETC.
Place of Publication PAKISTAN:
Name of publisher, distributor, etc. Ilimi book publuisher;
Date of publication, distribution, etc. 2020.
300 ## - PHYSICAL DESCRIPTION
Pages 120 p. :
650 ## - SUBJECT ADDED ENTRY--TOPICAL TERM
Subject / Department urdu litreature
300 ## - PHYSICAL DESCRIPTION
-- 24 cm.
952 ## - LOCATION AND ITEM INFORMATION (KOHA)
-- 0
-- 0
Holdings
Lost status Damaged status Collection code Permanent Location Current Location Shelving Location Date acquired Full Call Number Accession No./Barcode Date last seen item type Koha item type
    CS/IT Superior Information Resource Center (SIRC) Superior University- Gold Campus Superior Information Resource Center (SIRC) Superior University- Gold Campus Urdu Litreature 07/21/2025 891.4 JAV-A 2020 30347 07/21/2025 BOOK BOOK

Powered by Koha